| 000 -ლიდერი |
| ფიქსირებული სიგრძის საკონტროლო ველი |
01480nam a22002537a 4500 |
| 003 - საკონტროლო ნომრის იდენტიფიკატორი |
| საკონტროლო ველი |
Ge_BSU |
| 005 - ბოლო ოპერაციის თარიღი და დრო |
| საკონტროლო ველი |
20200527151340.0 |
| 008 - ფიქსირებული სიგრძის მონაცემთა ელემენტები - ზოგადი ინფორმაცია |
| ფიქსირებული სიგრძის საკონტროლო ველი |
200527s2017 ge ||||| |||| 00| 0 geo d |
| 020 ## - წიგნის საერთაშორისო სტანდარტული ნომერი |
| International Standard Book Number |
9789941940262 |
| 041 ## - ენის კოდი |
| Language code of text/sound track or separate title |
geo |
| 080 ## - უნივერსალური ათობითი კლასიფიკაციის ინდექსი |
| Universal Decimal Classification number |
174:347.965(075.8) ს-12 |
| 245 ## - ცნობა სათაურის შესახებ |
| Title |
საადვოკატო ეთიკა : |
| Remainder of title |
[სახელმძღვანელო უმაღლესი სასწავლებლების სტუდენტთათვის] / |
| Statement of responsibility, etc |
ავტორთა კოლექტივი: ნ.დ. ერიაშვილი, ი.ი. ამინოვ, კ.გ. დედიუხინ [და სხვ.] ; ნ.დ. ერიაშვილის რედაქციით |
| 300 ## - ფიზიკური აღწერა |
| Extent |
245 გვ. : |
| Other physical details |
ილ. ; |
| Dimensions |
20 სმ. |
| 500 ## - ზოგადი შენიშვნა |
| General note |
დამატებითი სატიტულო გვერდი რუს. ენაზე. |
| 653 ## - INDEX TERM--UNCONTROLLED |
| Uncontrolled term |
საადვოკატო ეთიკა |
| 653 ## - INDEX TERM--UNCONTROLLED |
| Uncontrolled term |
სამართალი |
| 700 ## - ADDED ENTRY--PERSONAL NAME |
| Personal name |
ამინოვ, ი.ი. |
| Relator term |
ავტორი |
| 9 (RLIN) |
8220 |
| 700 ## - ADDED ENTRY--PERSONAL NAME |
| Personal name |
დედიუხინ, კ.გ. |
| Relator term |
ავტორი |
| 9 (RLIN) |
8221 |
| 700 ## - ADDED ENTRY--PERSONAL NAME |
| Personal name |
კაზანცევა, ლ.ა. |
| Relator term |
ავტორი |
| 9 (RLIN) |
8222 |
| 700 ## - ADDED ENTRY--PERSONAL NAME |
| Personal name |
მირზოევ, გ.ბ. |
| Relator term |
ავტორი |
| 9 (RLIN) |
8223 |
| 700 ## - ADDED ENTRY--PERSONAL NAME |
| Personal name |
უსიევიჩ, ა.რ. |
| Relator term |
ავტორი |
| 9 (RLIN) |
8224 |
| 700 ## - ADDED ENTRY--PERSONAL NAME |
| Personal name |
ერიაშვილი, ნ. |
| Relator term |
რედაქტორი |
| 9 (RLIN) |
3261 |
| 942 ## - ADDED ENTRY ELEMENTS (KOHA) |
| Source of classification or shelving scheme |
|
| Koha item type |
წიგნი |